Statistiken für Alle Bahnhöfe der Schwarzwaldbahn

Klicken Sie hier um das Quiz zu spielen!

Allgemein

  • Dieses Quiz wurde 53 mal gespielt
  • Das Durchschnittsergebnis liegt bei 10 aus 19

Antwortstatistiken

Bahnhöfe% Korrekt
Offenburg
92%
Villingen(Schwarzw)
84%
Konstanz
78%
Triberg
76%
Singen(Hohentwiel)
70%
Hausach
65%
St Georgen(Schwarzw)
65%
Donaueschingen
62%
Radolfzell
57%
Gengenbach
49%
Hornberg(Schwarzw)
49%
Immendingen
49%
Engen
46%
Haslach
43%
Allensbach
41%
Konstanz-Petershausen
38%
Biberach(Baden)
35%
Steinach(Baden)
27%
Offenburg Kreisschulzentrum
22%

Verteilung der Resultate

Perzentil nach korrekt beantworteten Fragen

Anzahl Personen mit jedem Resultat

Ihre Resultats-Entwicklung

Sie haben dieses Quiz noch nicht gespielt